| 000 | 01333cad a22002415a 4500 | ||
|---|---|---|---|
| 001 | L142307 | ||
| 008 | 080204s2007 xxk f 000 0 eng d | ||
| 035 | _a(Sirsi) u142307 | ||
| 041 | 0 | _aeng | |
| 050 | 0 | 4 | _a338.4569 $2 18 |
| 110 | 2 |
_aFederation of Master Builders _9465 |
|
| 245 | 0 | 0 |
_aFMB state of trade survey _bthird quarter of 2007 _bkey findings _h[electronic resource] |
| 260 |
_a[S.l.] _bFMB _c2007 |
||
| 490 | 0 |
_aFMB State of Trade Survey _vThird Quarter 2007 |
|
| 520 | _aReveals a slight increase in the workload of small and medium sized building firms in the third quarter 2007, when compared to the same period in 2006 and 2005. However, results for different types of work are mixed. The strongest results were for new construction and improvement of industrial and commercial buildings, with relatively weak results for private housing new build. The growth in overall workload was accompanied by an increase in employment, which is likely to continue in the fourth quarter. | ||
| 521 | 2 | _aAdvanced | |
| 590 | _aKA | ||
| 650 | 2 | 4 | _aFEDERATION OF MASTER BUILDERS STATE OF TRADE SURVEY |
| 651 | 4 |
_aUnited Kingdom _y |
|
| 690 | _aBUILT ENVIRONMENT-CONSTRUCTION MARKET | ||
| 856 | 4 | 0 |
_uhttps://www.fmb.org.uk/publications/sotsurvey/index_2007.asp _zView the item free of charge at www.fmb.org.uk... |
| 942 | _n0 | ||
| 999 |
_c107862 _d107862 |
||